000 01784 a2200217 4500
001 58969
005 20260407155844.0
008 260407a1996 arg spa d
003 AR-UNSa-BCEJYS
040 _aAR-UNSa-BCEJYS
_bspa
_cAR-UNSa-BCEJYS
080 _a339.92
_xCooperación económica internacional. Integración económica internacional
245 1 0 _aLas relaciones económicas entre América Latina y la Unión Europea
_pEl papel de los servicios exteriores
020 _a92-1-321438-3
264 1 _aSantiago de Chile :
_bCEPAL (Comisión Económica para América Latina y el Caribe)
_c1996
300 _a396 p.
_c26 cm.
505 _a1. El concepto de cooperación internacional como asistencia oficial para el desarrollo - 2. La oferta europea de cooperación internacional - 3. La demanda de cooperación internacional de América Latina - 4. La inversión extranjera directa y la transferencia de tecnología entre Europa y América Latina - 5. El desarrollo del comercio entre América Latina y la Unión Europea - 6. El papel de los servicios exteriores en la cooperación, las inversiones, la transferencia de tecnología y el comercio internacional - 7. El papel de la cooperación en el sistema internacional - 8. América Latina y la oferta europea de cooperación internacional - 9. La demanda de cooperación internacional para el desarrollo de América Latina - 10. Inversión extranjera directa en América Latina: sus tendencias y aspectos institucionales - 11. La tranferencia tecnológica entre Europa y América Latina - 12. La política comercial de la Unión Europea - 13. La promoción de exportaciones de algunos países de América Latina .
041 _aspa
942 _cBK
590 _aniveau_biblio:m niveau_hierar:0
100 1 _aGana, Eduardo
999 _c6534
_d6534